Loading...
| Fine Arts - Classical Music | 0 | 8 | 2 | 0 | 70 | 40 | 65.75 | 8 | 8 | 34.95 | 80.00 |
| Literature - World | 0 | 6 | 0 | 0 | 60 | 67 | 90.50 | 2 | 5 | 13.31 | 37.50 |
| Science - Other | 0 | 6 | 0 | 0 | 60 | 42 | 56.33 | 4 | 6 | 30.14 | 47.50 |
| Fine Arts - Other | 0 | 5 | 0 | 0 | 50 | 63 | 89.20 | 4 | 4 | 9.61 | 42.50 |
| Literature - American | 0 | 5 | 0 | 2 | 50 | 50 | 87.20 | 0 | 4 | 13.06 | 32.50 |
| Science - Chemistry | 0 | 5 | 1 | 1 | 45 | 30 | 50.40 | 2 | 5 | 24.24 | 42.50 |
| Fine Arts - Painting and Sculpture | 0 | 5 | 2 | 1 | 40 | 43 | 90.60 | 1 | 4 | 13.26 | 30.00 |
| Mythology | 0 | 4 | 0 | 0 | 40 | 50 | 80.75 | 0 | 3 | 10.18 | 15.00 |
| Geography | 0 | 4 | 0 | 0 | 40 | 67 | 81.75 | 1 | 4 | 20.06 | 50.00 |
| History - American | 0 | 4 | 0 | 0 | 40 | 35 | 53.75 | 2 | 4 | 19.88 | 30.00 |
| Science - Biology | 0 | 4 | 1 | 1 | 35 | 27 | 59.00 | 0 | 4 | 17.40 | 25.00 |
| Popular Culture | 0 | 3 | 1 | 2 | 25 | 50 | 93.67 | 0 | 2 | 9.09 | 29.17 |
| History - World | 0 | 2 | 0 | 0 | 20 | 36 | 62.50 | 1 | 2 | 7.88 | 17.50 |
| Current Events | 0 | 2 | 0 | 0 | 20 | 63 | 70.00 | 1 | 2 | 17.76 | 37.50 |
| Science - Physics | 0 | 2 | 0 | 0 | 20 | 30 | 48.50 | 0 | 1 | 10.55 | 7.50 |
| Religion | 0 | 2 | 0 | 0 | 20 | 63 | 68.00 | 1 | 2 | 8.39 | 15.00 |
| Social Science | 0 | 2 | 1 | 1 | 15 | 71 | 89.50 | 0 | 1 | 5.44 | 10.71 |
| Philosophy | 0 | 1 | 0 | 0 | 10 | 105 | 105.00 | 0 | 1 | 0.12 | 9.38 |
| Literature - European | 0 | 1 | 0 | 0 | 10 | 91 | 91.00 | 0 | 1 | 2.83 | 7.50 |
| Literature - British | 0 | 1 | 0 | 0 | 10 | 94 | 94.00 | 0 | 1 | 2.23 | 2.50 |
| History - Other | 0 | 1 | 0 | 1 | 10 | 110 | 110.00 | 0 | 1 | 0.00 | 2.50 |
| History - European | 0 | 1 | 0 | 0 | 10 | 89 | 89.00 | 0 | 0 | 1.60 | 2.50 |